Szczegóły MARC21

Wstęp do dydaktyki przedmiotów zawodowych /

003 -Nazwa inst., której nr kontr. jest w polu 001 [,]
    • @
    • Nazwa instytucji, której n kontrolny jest w polu 001
    • NUKAT
005 -DATA I CZAS OSTATNIEJ MODYFIKACJI [,]
    • @
    • pole kontrolne
    • 20241231105808.0
020 -Międzynarod. znormalizowany nr książki - ISBN [ , ]
    • a
    • Numer ISBN
    • 8386148322 Find
040 -Instytucja sporządzająca opis [ , ]
    • a
    • Instytucja, która sporządziła opis (NP)
    • KIEL 010/GA
    • c
    • Instytucja, która sporządziła rekord (NP)
    • KIEL 010/GA
    • d
    • Instytucja, która zmodyfikowała rekord (P)
    • KIEL 010/GA
    • d
    • Instytucja, która zmodyfikowała rekord (P)
    • KIEL 010/HLs
942 -Rodzaj dokumentu [ , ]
    • c
    • Rodzaj dokumentu
    • Książka
100 -Hasło główne - nazwa osobowa [1, ]
    • a
    • Nazwa osobowa (NP)
    • Szlosek, Franciszek
    • d
    • Daty biograficzne (NP)
    • (1943- ).
    • 9
    • KHW
    • 69054
245 -Strefa tytułu i oznaczenia odpowiedzialności [1,0]
    • a
    • Tytuł
    • Wstęp do dydaktyki przedmiotów zawodowych / Find
    • c
    • Pozostałe elementy strefy tytułu i oznaczenia odpowiedzialności (NP)
    • Franciszek Szlosek.
260 -Strefa adresu wydawniczego [ , ]
    • a
    • Miejsce wydania (P)
    • Radom :
    • b
    • Nazwa wydawcy (P)
    • Wydział Nauczycielski Wyższej Szkoły Inżynierskiej im. K. Pułaskiego :
    • b
    • Nazwa wydawcy (P)
    • Instytut Technologii Eksploatacji,
    • c
    • Data wydania (P)
    • cop. 1995.
300 -Strefa opisu fizycznego [ , ]
    • a
    • Określenie formy książki i/lub objętość (NP)
    • 216, [1] s. ;
    • c
    • Format (NP)
    • 24 cm.
336 -Typ zawartości [ , ]
    • a
    • Termin opisujący typ zawartości
    • Tekst
    • b
    • Kod określający zawartość
    • txt
    • 2
    • Źródło (terminu i kodu)
    • rdacontent
337 -Typ mediów [ , ]
    • a
    • Tryb odtwarzania
    • Bez urządzenia pośredniczącego
    • b
    • Kod typu mediów
    • n
    • 2
    • Źródło (terminu i kodu)
    • rdamedia
338 -Typ/rodzaj nośnika [ , ]
    • a
    • Hasło opisujące typ nośnika
    • Wolumin
    • b
    • Kod typu nośnika
    • nc
    • 2
    • Źródło (terminu i kodu)
    • rdacarrier
504 -Uwaga dot. bibliogr. załącznikowej [ , ]
    • a
    • Uwaga dot. bibliografii załącznikowej
    • Bibliogr. 213-217.
650 -Hasło przedmiotowe [ ,7]
    • a
    • Hasło przedmiotowe
    • Dydaktyka
    • v
    • Określnik formalny
    • podręczniki.
    • 2
    • Źródło terminu
    • kaba
    • 9
    • KHW
    • 360847
650 -Hasło przedmiotowe [ ,7]
    • a
    • Hasło przedmiotowe
    • Nauczanie zawodu
    • z
    • Określnik geograficzny
    • Polska
    • v
    • Określnik formalny
    • podręczniki.
    • 2
    • Źródło terminu
    • kaba
    • 9
    • KHW
    • 571947
650 -Hasło przedmiotowe [ ,7]
    • a
    • Hasło przedmiotowe
    • Nauczyciele przedmiotów zawodowych
    • z
    • Określnik geograficzny
    • Polska
    • v
    • Określnik formalny
    • podręczniki.
    • 2
    • Źródło terminu
    • kaba
    • 9
    • KHW
    • 571948
920 -ISBN [ , ]
    • a
    • ISBN
    • 83-86148-32-2 Find
Numer inwentarzowy Status udost. Data inwentaryzacji Lokalizacja Sygnatura
W.188361-31996-12-07BGW.188361
W.188362-31996-12-07BGW.188361
W.188363-31996-12-07BGW.188361
N.1644711997-06-16BG 
Pd.934211996-12-07BG 
Pd.934311996-12-07BNS